Scottish Football Stadiums - Statistics

General Stats
  • This quiz has been taken 66 times
  • The average score is 47 of 285
Answer Stats
Hint Answer % Correct
Pittodrie Stadium Aberdeen
98%
Celtic Park Celtic
98%
Kilmac Stadium Dundee
95%
Tynecastle Park Heart Of Midlothian
91%
Ibrox Stadium Rangers
91%
Tannadice Park Dundee United
90%
Easter Road Hibernian
88%
Fir Park Motherwell
88%
Tony Macaroni Arena Livingston
84%
McDiarmid Park St Johnstone
84%
The SIMSA Stadium St Mirren
84%
The BBSP Stadium Rugby Park Kilmarnock
83%
Global Energy Stadium Ross County
81%
Firhill Stadium Partick Thistle
72%
Gayfield Park Arbroath
71%
Somerset Park Ayr United
71%
Cappielow Park Supported By Dalrada Technology UK Greenock Morton
71%
Ochilview Park / Hampden Park / Lesser Hampden Queens Park
69%
Falkirk Stadium Falkirk
64%
Caledonian Stadium Inverness Caledonian Thistle
62%
Stark's Park Raith Rovers
59%
Balmoral Stadium Cove Rangers
57%
The Indodrill Stadium Alloa Athletic
55%
ZLX Stadium Clyde
55%
Balmoor Peterhead
52%
Forthbank Stadium Stirling Albion
52%
Meadowbank Sports Centre FC Edinburgh
50%
KDM Group East End Park Dunfermline Athletic
48%
Excelsior Stadium Airdrieonians
47%
Stair Park Stranraer
47%
Locality Hub Bayview Stadium East Fife
45%
Links Park Montrose
45%
Palmerston Park Queen Of The South
45%
Ochilview Park Stenhousemuir
43%
Galabank Annan Athletic
41%
Station Park Forfar Athletic
41%
Cliftonhill Stadium Albion Rovers
40%
Borough Briggs Elgin City
40%
New Central Park Kelty Hearts
40%
Glebe Park Brechin City
38%
Central Park Cowdenbeath
38%
New Dundas Park Bonnyrigg Rose Athletic
36%
The moreroom.com Stadium Dumbarton
34%
Ainslie Park Spartans
34%
Sheilfield Park Berwick Rangers
29%
Victoria Park Buckie Thistle
29%
Falkirk Stadium East Stirlingshire
29%
Harmsworth Park Wick Academy
29%
Dudgeon Park Brora Rangers
28%
Holm Park Clydebank
28%
K Park Training Academy East Kilbride
28%
Kynoch Park Keith
28%
Bellslea Park Fraserburgh
26%
Christie Park Huntly
26%
Grant Street Park Clachnacuddin
24%
Mosset Park Forres Mechanics
24%
Claggan Park Fort William
24%
Station Park Nairn County
24%
Princess Royal Park Deveronvale
22%
New Peffermill Stadium Edinburgh University
22%
Excelsior Stadium Celtic B
21%
Broadwood Stadium Cumbernauld Colts
21%
North Lodge Park Formartine United
21%
Netherdale Gala Fairydean Rovers
21%
Raydale Park Gretna 2008
21%
Harlaw Park Inverurie Loco Works
21%
The MV Commercial Prestonfield Stadium Linlithgow Rose
21%
Grant Park Lossiemouth
21%
Mackessack Park Rothes
21%
Spain Park Banks O Dee
19%
Alliance Park Caledonian Braves
19%
Christie Gillies Park Civil Service Strollers
19%
Recreation Park Darvel
19%
Seafield Park Strathspey Thistle
19%
The Haughs Turriff United
19%
Newtown Park Bo'ness United
17%
Islecroft Stadium Dalbeattie Star
17%
The moreroom.com Stadium Rangers B
17%
Foresters Park Tranent Juniors
17%
Beechwood Park Auchinleck Talbot
16%
Ferguson Park Heart Of Midlothian B
16%
Canniepairt Tayport
16%
Davie Park Blairgowrie
14%
Thomson Park Lochee United
14%
Penicuik Park Penicuik Athletic
14%
Newlandsfield Park Pollok
14%
Forthbank Stadium University Of Stirling
14%
Oglivy Park Arbroath Victoria
12%
Dunterlie Park Arthurlie
12%
New Tinto Park Benburb
12%
Downfield Park Downfield
12%
Riverside Stadium Jeanfield Swifts
12%
Lochee Community Sports Hub Lochee Harp
12%
Farquharson Park Scone Thistle
12%
Victoria Park Brechin Victoria
10%
Whitton Park Broughty Athletic
10%
Albyn Park Broxburn Athletic
10%
Foxhall Park Coupar Angus
10%
Townhead Park Cumnock Juniors
10%
New Countess Park Dunbar United
10%
North End Park Dundee North End
10%
Glenesk Park Dundee Violet
10%
Craigie Park East Craigie
10%
Guthrie Park Forfar United
10%
Inverness Royal Academy Inverness Athletic
10%
James Y Keanie Park Johnstone Burgh
10%
Meadowbank Sports Centre Leith Athletic
10%
Seven Acres Park Letham
10%
Petershill Park Petershill
10%
Mckenna Park St Cadocs
10%
Ferguson Park Whitehill Welfare
10%
Volunteer Park Armadale Thistle
9%
Migdale Playing Fields Bonar Bridge
9%
Laing Park Carnoustie Panmure
9%
Colony Park Colony Park
9%
Humbug Park Crossgates Primrose
9%
Fairfield Park Dundee St James
9%
Moorside Park Dundonald Bluebell
9%
Srathmore Park Forfar West End
9%
King George V Park Golspie Sutherland
9%
Victoria Park Irvine Victoria
9%
Tulloch Park Kinnoull
9%
Westview Park Kirriemuir Thistle
9%
Lochburn Park Maryhill
9%
Olivebank Stadium Musselburgh Athletic
9%
The Rockworks Orkney
9%
New Western Park Renfrew
9%
Beechwood Park Sauchie Juniors
9%
James McGrory Park St Rochs
9%
Sir Georges Park Thurso
9%
Meggatland Sports Complex Tynecastle
9%
Ardeer Stadium Ardeer Thistle
7%
Winton Park Ardrossan Winton Rovers
7%
Saracen Park Ashfield
7%
Creamery Park Bathgate Thistle
7%
Newtown Park Boness Athletic
7%
Recreation Park Burntisland Shipyard
7%
Somervell Park Cambuslang Rangers
7%
Carmuirs Park Camelon Juniors
7%
Crombie Park Culter
7%
Ian Muir Park Dyce
7%
Greenfield Park Glasgow United
7%
Warout Stadium Glenrothes
7%
Millfield Park Haddington Athletic
7%
Keirs Park Hill Of Beath Hawthorn
7%
Recreation Grounds Invergordon
7%
Dalgety Bay Sports Centre Inverkeithing Hillfield Swifts
7%
Buffs Park Kilwinning Rangers
7%
Moor Park Lanark United
7%
Barrfields Park Largs Thistle
7%
King George V Park Loch Ness
7%
Maud Pleasure Park Maud
7%
Lorimer Park Nithsdale Wanderers
7%
Broadwood Stadium Open Goal Broomhill
7%
Port Glasgow Community Stadium Port Glasgow
7%
Pennypit Park Preston Athletic
7%
Fleet Grounds Rosyth
7%
Grant Park St Duthus
7%
Glenury Park Stonehaven
7%
Portland Park Troon
7%
Victoria Park Vale Of Leithen
7%
Holm Park Yoker Athletic
7%
Hillhead Centre Aberdeen University
5%
Dalmore Park Alness United
5%
Purdie Worldwide Community Stadium Blackburn United
5%
The Synergy Arena Bonnyton Thistle
5%
Aberdeen Sports Village Bridge Of Don Thistle
5%
Peterson Park BSC Glasgow
5%
Castlecary Park Creetown
5%
Kings Park Dalkeith Thistle
5%
Myrus Centre Deveronside
5%
Donald Dewar Centre Drumchapel United
5%
New Advocates Park East End
5%
Paties Road Stadium Edinburgh United
5%
The Meadows Ellon United
5%
College Park Fraserburgh United
5%
Excelsior Stadium Glasgow University
5%
Ferguslie Sports Centre Glenvale
5%
Morrison Park Halkirk United
5%
Heriot Watt Sports Academy Heriot Watt University
5%
Blair Park Hurlford United
5%
Meadow Park Irvine Meadow XI
5%
Gasworks Park Larkhall Thistle
5%
Station Park Livingston United
5%
Whitehills Park Lochmaben
5%
Brownlands Park Luncarty
5%
Showfield Park Nairn St Ninian
5%
Blairwood Park Oakley United
5%
Petershill Park Rossvale
5%
Hannah Park Shotts Bon Accord
5%
McKenna Park St Anthonys
5%
Beechwood Park Stoneyburn
5%
Ochilview Park Syngenta
5%
Memorial Park Thornton Hibs
5%
Old Shielfield Park Tweedmouth Rangers
5%
Trammondford Park Wigtown & Bladnoch
5%
Maryfield Park Abbey Vale
3%
Bellsdale Park Beith Juniors
3%
Rockburn Park Bellshill Athletic
3%
KG Stadium Blantyre Victoria
3%
Raemoss Park Buchanhaven Hearts
3%
John Cumming Stadium Carluke Rovers
3%
Station Park Craigmark Burntonians
3%
St Marks Park Craigroyston
3%
Guys Meadow Cumbernauld United
3%
Merksworth Park Dalry Thistle
3%
Westfield Park Dunipace
3%
Showpark East Kilbride Thistle
3%
John Brysdon Arena Edinburgh College
3%
Park View Fauldhouse United
3%
Springburn Park Finnart
3%
Hamilton Park Girvan
3%
Keppoch Park Glasgow Perthshire
3%
Ravenscraig Stadium Greenock Juniors
3%
Denmore Park Hall Russell United
3%
Albert Park Hawick Royal Albert
3%
Lochside Park Hermes
3%
Nithside Park Kello Rovers
3%
Kilsyth Sports Field Kilsyth Athletic
3%
Duncansfield Park Kilsyth Rangers
3%
Alex Penman Park Kirkcaldy & Dysart
3%
Guys Meadow Kirkintilloch Rob Roy
3%
Wilson Park Lochar Thistle
3%
Purvis Park Lochgelly Albert
3%
Davidson Park Longside
3%
New King Edward Park Mid Annandale
3%
Brig O Lea Stadium Neilston
3%
New Victoria Park Newtongrange Star
3%
The Hamish B Allan Stadium Rutherglen Glencairn
3%
Campbell Park Saltcoats Victoria
3%
The Clayton Caravan Park Recreation Ground St Andrews United
3%
St Marys Park St Cuthbert Wanderers
3%
Stair Park Stranraer Reserves
3%
Heathryfold Park Sunnybank
3%
Meadow Park Threave Rovers
3%
Moffat Academy Upper Annandale
3%
Fullarton Park Vale Of Clyde
3%
Millburn Park Vale Of Leven
3%
Hermand Park West Calder United
3%
Central Park Whitburn
3%
Newbyres Park Arniston Rangers
2%
Milton Park Banchory St Ternan
2%
Kintyre Park Campbeltown Pupils
2%
Grant Street Park Clachnacuddin Reserves
2%
Home Park Coldstream
2%
Westburn Park Dufftown
2%
Paties Road Park Edinburgh South
2%
Kilwinning Sports Club Eglinton
2%
Kingshill Park Forth Wanderers
2%
Loch Park Glenafton Athletic
2%
ZLX Stadium Hamliton Academical
2%
Sir Alex Ferguson Park Harmony Row
2%
Gibbshill Park Harthill Royal
2%
Valefield Park Kilbirnie Ladeside
2%
Craighead Park Lesmahagow
2%
Central Park Lochore Welfare
2%
Saughton Enclosure Lothian Thistle Hutchison Vale
2%
Burnside Park Muirkirk Juniors
2%
Riverside Park Nairn County A
2%
East Shore Park Newburgh
2%
Jordan Electrics Limited Stadium At Victoria Park Newmains United
2%
New Recreation Park Ormiston Primrose
2%
Whitestone Park Peebles Rovers
2%
Recreation Park Pumpherston Juniors
2%
Tileworks Park Royal Albert
2%
Arjo Wiggins Stoneywood Park Stoneywood Parkvale
2%
New Western Park St Peters
2%
Thorn Park Thorn Athletic
2%
Robertson Park Thorniewood United
2%
Huntershill Community Sports Hub West Park United
2%
Beltane Park (The Beltane) Wishaw
2%
Coupar Park - Team Withdrew From League Bunillidh Thistle
0%
Alliance Park Caledonian Braves Reserves
0%
FarePlay Stepford Football Centre Easterhouse Academy
0%
Newbattle Complex Easthouses Lily Miners Welfare
0%
MTC Park Gartcairn Juniors
0%
Treaton Park Kennoway Star Hearts
0%
Macphail Centre - Team Only Plays In Certain Cups Lewis & Harris
0%
Rosebank Park Lugar Bosewell Thistle
0%
Ladywell Stadium Maybole Juniors
0%
Links Park Montose Roselea
0%
Blairmount Park Newtown Stewart
0%
Huntershill Community Sports Hub Rossvale Academy
0%
Gannochy Sports Centre Stirling Univesity Reserves
0%
Dam Park Whitletts Victoria
0%
No matching quizzes found
Score Distribution
Percent of People with Each Score
Percentile by Number Answered
Your Score History
You have not taken this quiz